|
|
|
|
| LEADER |
03111nam a22004098i 4500 |
| 001 |
34422 |
| 003 |
BD-DhAAL |
| 005 |
20211129105004.0 |
| 008 |
190327t2019 nyu b 001 0 eng |
| 999 |
|
|
|c 40562
|d 40562
|
| 010 |
|
|
|a 2018010151
|
| 020 |
|
|
|a 9781138069411 (hardback : alk. paper)
|
| 040 |
|
|
|a DLC
|b eng
|e rda
|c DLC
|d BD-DhAAL
|
| 042 |
|
|
|a pcc
|
| 043 |
|
|
|a n-us---
|
| 050 |
0 |
0 |
|a HG4521
|b .E38 2018
|
| 082 |
0 |
0 |
|a 332.6320420973
|2 23
|
| 100 |
1 |
|
|a Edwards, Robert D.
|q (Robert Davis),
|d 1893-
|9 30684
|
| 245 |
1 |
0 |
|a Technical analysis of stock trends /
|c Robert D. Edwards, John Magee, W.H.C. Bassetti.
|
| 250 |
|
|
|a Eleventh Edition.
|
| 260 |
|
|
|a New York :
|b CRC Press,
|c c2019
|
| 263 |
|
|
|a 1809
|
| 300 |
|
|
|a xlviii, 637 pages :
|b illustrations ;
|c 26 cm.
|
| 500 |
|
|
|a Revised edition of the authors' Technical analysis of stock trends, c2013.
|
| 504 |
|
|
|a Includes bibliographical references and index.
|
| 505 |
0 |
|
|a Technical theory -- The technical approach to trading and investing -- Charts -- The dow theory -- The dow theory's defects -- Replacing dow theory with john magee's basing points procedure -- Important reversal patterns -- Advantages -- Important reversal patterns: the triangles -- Important reversal patterns: continued -- Other reversal phenomena -- Consolidation formations -- Gaps -- Support and resistance -- Trendlines and channels -- Major trendlines -- Technical analysis of commodity charts -- A summary and concluding comments -- Trading tactics -- The tactical problem -- The all-important details -- The kind of stocks we want : the speculator¿s viewpoint -- Selection of stocks to chart -- Selection of stocks to chart : continued -- Choosing and managing high-risk stocks : tulip stocks, internet sector, and speculative frenzies -- The probable moves of your stocks -- Two touchy questions -- Round lots or odd lots? -- Stop orders -- What is a bottom, what is a top? -- Trendlines in action -- Use of support and resistance -- Not all in one basket -- Measuring implications in technical chart patterns -- Tactical review of chart action -- A quick summation of tactical methods -- Effect of technical trading on market action -- Automated trendline : the moving average -- The same old patterns -- Balanced and diversified -- Trial and error -- How much capital to use in trading -- Application of capital in practice -- Portfolio risk management -- Stick to your guns -- Appendix a appendix a -- Appendix b appendix b -- Appendix c appendix c -- Glossary -- Bibliography -- Index.
|
| 526 |
|
|
|a BBS
|
| 541 |
|
|
|a Parama
|e 34422
|
| 650 |
|
0 |
|a Investment analysis.
|9 30685
|
| 650 |
|
0 |
|a Stock exchanges
|z United States.
|9 30686
|
| 650 |
|
0 |
|a Securities
|z United States.
|9 30687
|
| 650 |
|
0 |
|a Business & finance.
|9 43305
|
| 700 |
1 |
|
|a Magee, John,
|d 1901-
|9 30688
|
| 700 |
1 |
|
|a Bassetti, W. H. C.
|9 30689
|
| 852 |
|
|
|a Ayesha Abed Library
|c General Stacks
|
| 942 |
|
|
|2 ddc
|c BK
|
| 952 |
|
|
|0 0
|1 0
|2 ddc
|4 0
|6 332_632042097300000_EDW
|7 0
|9 65180
|a BRACUL
|b BRACUL
|c GEN
|d 2019-02-26
|e Parama
|g 5467.00
|l 0
|o 332.6320420973 EDW
|p 3010034422
|r 2019-02-26
|t 1
|v 5467.00
|w 2019-02-26
|y BK
|